000 00313nam a2200121Ia 4500
008 190216s9999||||xx |||||||||||||| ||und||
100 _aSony Pl & Dharmarha
245 0 _aText Book Of Physical Chemistry
260 _bSulthan Chand&Sons
_c1999
300 _a2191p
650 _aChemistry-Chemistry
942 _cBK
999 _c2269
_d2269